A "bibói út" 1956-ban
Elmentve itt :
| Dokumentumtípus: | Cikk |
|---|---|
| Megjelent: |
2004-10-22
|
| Sorozat: | Délmagyarország
94 No. 248 |
| Kulcsszavak: | Egyetemtörténet, Bibó István |
| Online Access: | http://dmarchiv.bibl.u-szeged.hu/125708 |
| LEADER | 00413nab a2200145 i 4500 | ||
|---|---|---|---|
| 001 | delm125708 | ||
| 005 | 20191125082119.0 | ||
| 008 | 191125s2004 hu o 0|| hun d | ||
| 040 | |a SZTE Délmagyarország Archívum |b hun | ||
| 041 | |a hun | ||
| 245 | 0 | 2 | |a A "bibói út" 1956-ban |h [elektronikus dokumentum] |
| 260 | |c 2004-10-22 | ||
| 300 | |a 28 | ||
| 490 | 0 | |a Délmagyarország |v 94 No. 248 | |
| 695 | |a Egyetemtörténet, Bibó István | ||